| 000 | 00918nam a2200229 i 4500 | ||
|---|---|---|---|
| 001 | 175345 | ||
| 003 | ES-MaACL | ||
| 005 | 20250818054618.0 | ||
| 008 | 101022s2006 ve |||| | eng d | ||
| 100 | 1 |
_aArráez Aybar, Luis Alfonso. _9143720 |
|
| 245 | 1 | 0 |
_aAnatomy in the pages of Don Quixote / _cLuis-Alfonso Arráez-Aybar. |
| 260 |
_aCaracas, Venezuela : _bInterciencia, _c2006. |
||
| 300 |
_aP. 690-694 ; _c28 cm. |
||
| 504 | _aBibliografía: p. 694. | ||
| 546 | _aResumen en inglés, español y portugués. | ||
| 594 | _aPrecede al tít.: Ensayos = essays = ensaios. | ||
| 595 | _aSeparata de: "Interciencia : Revista de ciência e tecnologia das Américas", sep. 2006, v. 31, n.9. | ||
| 650 | 7 |
_aDon Quijote (Personaje de ficción) _2embne _911968 |
|
| 650 | 0 | 4 |
_aAnatomía- _xEn la literatura. _9143722 |
| 852 |
_aES-MaACL _j2281-F-12 _z. - Dedicatoria autógrafa del autor |
||
| 999 |
_c175345 _d175345 |
||